00929nam a22002537a 450000100040000000500170000400800410002102000180006204000290008008200080010910000180011724500350013526000360017030000550020650500080026152001640026952100190043352100200045265000240047265000250049694200150052199900130053695201260054964220230628083248.0230628b cb ||||| |||| 00| 0 eng d a9781407126517 aFISKHbengcFISKHdFISKH a597 aThomas, Annie aSea animals /cby Annie Thomas aNew York :bScholastic ;c2010. a8 pages :bcolor illustrations;c22 ​x​ 28 cm. aB  aSea animals are any animal that lives in a body of saltwater like a sea or ocean. They are classified based on where in the water they live and how they move.  a80 bLexile  aB bRaz-Plus  2Sea animalsaOcean  2Sea animals aOcean  2ddccBKn0 c642d642 00102ddc40708NFICa001b001cOCEd2023-06-28l2oTHO 597pFISTK02021r2023-11-16 11:25:41s2023-10-05w2023-06-28yBK